Discurso leído por el catedrático Don Vicente Ferraz y Turmo en la velada literaria celebrada el día 9 de Mayo en el Instituto General y Técnico de Guipuzcoa con ocasión del Tercer Centenario de la publicación de la primera parte del "Quijote" de Miguel Cervantes Saavedra. (Record no. 53997)

MARC details
000 -LEADER
campo de control de longitud fija 00952nam a22002051 4500
001 - NÚMERO DE CONTROL
campo de control 53997
003 - IDENTIFICADOR DE NÚMERO DE CONTROL
campo de control ES-MaACL
005 - FECHA Y HORA DE LA ÚLTIMA TRANSACCIÓN
campo de control 20250713041032.0
007 - CAMPO FIJO DE DESCRIPCIÓN FÍSICA--INFORMACIÓN GENERAL
campo de control de longitud fija t|
008 - DATOS DE LONGITUD FIJA--INFORMACIÓN GENERAL
campo de control de longitud fija 900725s1905 sp ||||0| spa d
040 ## - FUENTE DE CATALOGACIÓN
Centro catalogador/agencia de origen M-BN
Lengua de catalogación spa
Centro/agencia transcriptor A2
100 1# - ENTRADA PRINCIPAL--NOMBRE DE PERSONA
Nombre de persona Ferraz y Turmo, Vicente.
9 (RLIN) 50353
245 10 - MENCIÓN DEL TÍTULO
Título Discurso leído por el catedrático Don Vicente Ferraz y Turmo en la velada literaria celebrada el día 9 de Mayo en el Instituto General y Técnico de Guipuzcoa con ocasión del Tercer Centenario de la publicación de la primera parte del "Quijote" de Miguel Cervantes Saavedra.
260 ## - PUBLICACIÓN, DISTRIBUCIÓN, ETC.
Lugar de publicación, distribución, etc. San Sebastián :
Nombre del editor, distribuidor, etc. [s.n.],
Fecha de publicación, distribución, etc. 1905 (
Fabricante Imp. y Lib. de Federico Ferreiros)
300 ## - DESCRIPCIÓN FÍSICA
Extensión 15 p ;
Dimensiones 23 cm.
600 14 - PUNTO DE ACCESO ADICIONAL DE MATERIA--NOMBRE DE PERSONA
Nombre de persona Cervantes Saavedra, Miguel de,
Fechas asociadas al nombre 1547-1616.
Título de la obra Don Quijote de la Mancha-
Subdivisión de forma Aniversarios y centenarios
9 (RLIN) 37614
710 0# - ENTRADA AGREGADA--NOMBRE DE ENTIDAD CORPORATIVA
Nombre de entidad corporativa o nombre de jurisdicción como elemento de entrada Instituto General y Técnico de Guipúzcoa.
9 (RLIN) 5065
852 ## - LOCALIZACIÓN
Ubicación ES-MaACL
Número de control de estantería 2203-F-18
Holdings
Estatus retirado Estado de pérdida Estado de daño No para préstamo Colección Biblioteca de origen Biblioteca actual Ubicación en estantería Fecha de adquisición Fuente de adquisición Total de préstamos Signatura topográfica completa Código de barras Visto por última vez Precio de reemplazo Tipo de ítem Koha
        Colección de folletos Biblioteca del Ateneo de Madrid Biblioteca del Ateneo de Madrid Depósito folletos 17/01/2008     2203-F-18 1056749 23/02/2023 23/02/2023 Folleto